000 00499nam a22001697a 4500
005 20251108164929.0
008 250721s1991 xx 000 0 ara d
082 1 4 _a650.1/صلا
100 1 _aالشنواني، صلاح
245 1 0 _aإقتصاديات الأعمال /
264 1 _aالإسكندريه :
_bمؤسسة شباب الجامعة،
_c1991.
300 _a318ص
650 1 7 _aإدارة الأعمال
650 1 7 _aإدارة الإنتاج
942 _2ddc
_cBK
999 _c17718
_d17718